Die am wenigsten erratenen Länder auf JetPunk - Statistiken

Allgemein
  • Dieses Quiz wurde 206 mal gespielt
  • Das Durchschnittsergebnis liegt bei 22 aus 30
Antwortstatistiken
Gefunden von... Land Kontinent % Korrekt
34% Föderierte Staaten von Mikronesien Ozeanien
88%
32% St. Lucia Nordamerika
88%
27% Vanuatu Ozeanien
87%
28% Palau Ozeanien
85%
28% Samoa Ozeanien
85%
28% St. Kitts und Nevis Nordamerika
85%
29% Tuvalu Ozeanien
85%
28% Marshallinseln Ozeanien
84%
25% Nauru Ozeanien
84%
28% St. Vincent und die Grenadinen Nordamerika
84%
27% Kiribati Ozeanien
82%
26% Salomonen Ozeanien
82%
26% Grenada Nordamerika
81%
29% Tonga Ozeanien
81%
28% Antigua und Barbuda Nordamerika
76%
34% Barbados Nordamerika
76%
32% Dominica Nordamerika
76%
27% São Tomé und Príncipe Afrika
75%
34% Trinidad und Tobago Nordamerika
75%
28% Komoren Afrika
73%
31% Osttimor Asien
73%
32% Brunei Asien
72%
33% Dschibuti Afrika
71%
33% Burundi Afrika
69%
35% Äquatorial-Guinea Afrika
68%
34% Guinea-Bissau Afrika
62%
34% Malawi Afrika
60%
33% Sierra Leone Afrika
52%
36% Liberia Afrika
43%
34% Gabun Afrika
42%
Keine übereinstimmenden Quizze gefunden
Verteilung der Resultate
Anzahl Personen mit jedem Resultat
Perzentil nach korrekt beantworteten Fragen
Ihre Resultats-Entwicklung
Sie haben dieses Quiz noch nicht gespielt